福島県の市町村(1968年) - Statistics

General Stats
  • This quiz has been taken 15 times
  • The average score is 55 of 90
Answer Stats
コード 市町村 備考 % Correct
07201 福島市
92%
07202 会津若松市
83%
07203 郡山市
83%
07204 いわき市
83%
07207 須賀川市
75%
07210 二本松市
75%
07301 伊達郡桑折町
75%
07303 伊達郡国見町
75%
07308 伊達郡川俣町
75%
07321 安達郡安達町 2005年消滅
75%
07322 安達郡大玉村
75%
07323 安達郡本宮町 2007年消滅
75%
07344 岩瀬郡天栄村
75%
07361 南会津郡田島町 2006年消滅
75%
07205 白河市
67%
07206 原町市 2006年消滅
67%
07208 喜多方市
67%
07209 相馬市
67%
07302 伊達郡伊達町 2006年消滅
67%
07304 伊達郡梁川町 2006年消滅
67%
07305 伊達郡保原町 2006年消滅
67%
07306 伊達郡霊山町 2006年消滅
67%
07309 伊達郡飯野町 2008年消滅
67%
07324 安達郡白沢村 2007年消滅
67%
07326 安達郡東和町 2005年消滅
67%
07342 岩瀬郡鏡石町
67%
07364 南会津郡檜枝岐村
67%
07367 南会津郡只見町
67%
07402 耶麻郡北塩原村
67%
07407 耶麻郡磐梯町
67%
07408 耶麻郡猪苗代町
67%
07461 西白河郡西郷村
67%
07464 西白河郡泉崎村
67%
07465 西白河郡中島村
67%
07466 西白河郡矢吹町
67%
07521 田村郡三春町
67%
07522 田村郡小野町
67%
07307 伊達郡月舘町 2006年消滅
58%
07343 岩瀬郡岩瀬村 2005年消滅
58%
07362 南会津郡下郷町
58%
07365 南会津郡伊南村 2006年消滅
58%
07405 耶麻郡西会津町
58%
07421 河沼郡会津坂下町
58%
07423 河沼郡柳津町
58%
07444 大沼郡三島町
58%
07445 大沼郡金山町
58%
07446 大沼郡昭和村
58%
07467 西白河郡大信村 2005年消滅
58%
07481 東白川郡棚倉町
58%
07482 東白川郡矢祭町
58%
07483 東白川郡塙町
58%
07484 東白川郡鮫川村
58%
07501 石川郡石川町
58%
07524 田村郡大越町 2005年消滅
58%
07525 田村郡都路村 2005年消滅
58%
07526 田村郡常葉町 2005年消滅
58%
07527 田村郡船引町 2005年消滅
58%
07541 双葉郡広野町
58%
07542 双葉郡楢葉町
58%
07543 双葉郡富岡町
58%
07544 双葉郡川内村
58%
07545 双葉郡大熊町
58%
07546 双葉郡双葉町
58%
07547 双葉郡浪江町
58%
07548 双葉郡葛尾村
58%
07561 相馬郡新地村 1971年昇格
58%
07562 相馬郡鹿島町 2006年消滅
58%
07563 相馬郡小高町 2006年消滅
58%
07564 相馬郡飯舘村
58%
07325 安達郡岩代町 2005年消滅
50%
07341 岩瀬郡長沼町 2005年消滅
50%
07381 北会津郡北会津村 2004年消滅
50%
07401 耶麻郡熱塩加納村 2006年消滅
50%
07404 耶麻郡山都町 2006年消滅
50%
07422 河沼郡湯川村
50%
07424 河沼郡河東村 1978年昇格
50%
07441 大沼郡会津高田町 2005年消滅
50%
07442 大沼郡本郷町 1992年改称
50%
07443 大沼郡新鶴村 2005年消滅
50%
07462 西白河郡表郷村 2005年消滅
50%
07463 西白河郡東村 2005年消滅
50%
07485 東白川郡古殿町 1994年郡変更
50%
07502 石川郡玉川村
50%
07503 石川郡平田村
50%
07504 石川郡浅川町
50%
07366 南会津郡南郷村 2006年消滅
42%
07403 耶麻郡塩川町 2006年消滅
42%
07406 耶麻郡高郷村 2006年消滅
42%
07523 田村郡滝根町 2005年消滅
42%
07363 南会津郡舘岩村 2006年消滅
33%
No matching quizzes found
Score Distribution
Percent of People with Each Score
Percentile by Number Answered
Your Score History
You have not taken this quiz